000
00305nam a22001337a 4500
008
170418b xxu||||| |||| 00| 0 eng d
020
_a
9780471321859
041
_a
eng
080
_2
4 ED
_a
579
100
_a
11
101
_a
SHM
245
_a
MICROSCALE ORGANIC LABORATORY
_c
MAYO.D.W
942
_2
udc
_c
BK
999
_c
10956
_d
10956